00421nam a22001457a 4500008004100000020001800041050002700059100002300086245003300109250001200142260004300154300002200197500001900219650003700238231024b |||||||| |||| 00| 0 eng d a0-697-04961-2 aQP 34.5 .H65 1987bC.2 aHOLE, JOHN W., JR. aHUMAN ANATOMY AND PHYSIOLOGY a4TH ED. aDUBUGUEbWM. C. BROWN PUBLISHERSc1987 aXXVI, 966P.: ILL. aINCLUDES INDEX a Human anatomy: Human physiology